000 01006nam a2200289 4500
001 179146
003 ES-MaACL
005 20230919113329.0
008 110919s20082009sp |||| |dspa d
020 _a978-84-608-0826-8
080 _a929-054.73(=1.460:47+57)
080 _a343.819.5(47+57)
100 1 _aIordache, Luiza.
_9147973
245 1 0 _aRepublicanos españoles en el Gulag (1939-1956) /
_cLuiza Iordache.
260 _aBarcelona :
_bInstitut de Ciències Polítiques i Socials,
_c2008
_c,[i.e. 2009]
300 _a142 p. ;
_c21 cm.
490 1 _aCol·lecció grana ;
_v12
504 _aBibliografía: p. 117-125.
586 _aPremi Memòria Doctorat, 2007
650 _aExiliados españoles-
_zURSS.
_912676
650 0 7 _aCampos de concentración-
_zURSS.
_910714
830 0 _aCol·lecció grana ;
_v12
_9224409
852 _aES-MaACL
_9186019
_bR.146001
_jA-11528
_dOlim: N-5432
_cDEPO1
942 _2udc
_cMONOGRAFIA
999 _c179146
_d179146